Grammar works student's book (0 521 55541 8) - 2

Salvato in:
Dettagli Bibliografici
Autore principale: MICK GAMMIDGE
Natura: Libro
Lingua:Undetermined
Pubblicazione: Cambridge 2000
Tags: Aggiungi Tag
Nessun Tag, puoi essere il primo ad aggiungerne! !
Thư viện lưu trữ: Trung tâm Học liệu Trường Đại học Cần Thơ
LEADER 00400nam a2200145Ia 4500
001 CTU_49250
008 210402s9999 xx 000 0 und d
082 |a 425 
082 |b G193/T2 
100 |a MICK GAMMIDGE 
245 0 |a Grammar works student's book (0 521 55541 8) - 2 
245 0 |c MICK GAMMIDGE 
260 |b Cambridge 
260 |c 2000 
980 |a Trung tâm Học liệu Trường Đại học Cần Thơ